000 01372nam0a22003011 4500
001 v19\rc\1731347
005 20260406175700.0
035 _a(NLR Aleph) 004826690
090 _a5068134
_c5068134
100 _a20061002d1908 |||y0rusy50 ca
101 0 _arus
102 _aRU
105 _ay z |||||
200 1 _aУстав Общества взаимного кредита деятелей печатного дела
_e[Утв. 20 июня 1901 г.]
210 _a[Санкт-Петербург
_d1908
215 _a32 с.
_d18
311 _a[Изменения §§ 1, 3, 4, 6, 9, 10, 16, 20, 51], ценз. 1901.-Без тит. л. и обл.
421 0 _11010#$arus
_12001#$a[Изменения §§ 1, 3, 4, 6, 9, 10, 16, 20, 51]
_1210##$dценз. 1901
_1215##$a7 с.
_1300##$aБез тит. л. и обл.
_t[Изменения §§ 1, 3, 4, 6, 9, 10, 16, 20, 51]
517 0 _aУстав Общества взаимного кредита печатного дела
710 0 2 _aПетербургское общество взаимного кредита деятелей печатного дела
_9383194
_3RU\NLR\AUTH\889944012
801 0 _aRU
_bNLR
_gpsbo
801 0 _aRU
_bRuMoRGB
_2psbo
801 1 _aRU
_bProSoft-M
_2rusmarc
852 _aNLR
_j34.50.7.498
899 _aRuMoRGB
_jМК
899 _aRuMoRGB
_jV 74/4082
942 _cBOOK
980 _aNB